| 000 | 01378cam a2200349 a 4500 | ||
|---|---|---|---|
| 999 |
_c534012 _d534012 |
||
| 001 | 13196640 | ||
| 003 | Nust | ||
| 005 | 20200128133954.0 | ||
| 008 | 030514s2004 nyu 000 1 eng | ||
| 010 | _a 2003047015 | ||
| 020 | _a9780749935061 | ||
| 038 | _aMSOHAIL | ||
| 040 |
_aDLC _cDLC _dDLC |
||
| 043 | _an-us-ny | ||
| 050 | 0 | 0 |
_aPS3568.O243 _bD578 2004 |
| 082 | 0 | 0 |
_a813.54 _bROB |
| 100 | 1 |
_aRobb, J. D., _d1950- _911420 |
|
| 245 | 1 | 0 |
_aDivided in death / _cJ.D. Robb. |
| 260 |
_aNew York : _bG.P. Putnam's Sons _c2004. |
||
| 300 |
_a328 p. ; _c24 cm. |
||
| 650 | 0 |
_aDallas, Eve (Fictitious character) _vFiction. _911421 |
|
| 650 | 0 |
_aPolice _zNew York (State) _zNew York _vFiction. _911422 |
|
| 650 | 0 |
_aPolicewomen _vFiction. _911423 |
|
| 651 | 0 |
_aNew York (N.Y.) _vFiction. _94634 |
|
| 655 | 7 |
_aMystery fiction. _2gsafd _95621 |
|
| 856 | 4 | 1 |
_3Sample text _uhttp://www.loc.gov/catdir/enhancements/fy0716/2003047015-s.html |
| 856 | 4 | 2 |
_3Publisher description _uhttp://www.loc.gov/catdir/enhancements/fy0716/2003047015-d.html |
| 856 | 4 | 2 |
_3Contributor biographical information _uhttp://www.loc.gov/catdir/enhancements/fy0716/2003047015-b.html |
| 906 |
_a7 _bcbc _corignew _d1 _eocip _f20 _gy-gencatlg |
||
| 942 |
_2ddc _cBK |
||